00327nam a2200121Ia 4500008004100000020001800041100001800059245008000077250000900157260002300166300000800189650000800197191201s2009 xx 000 0 und d a9780070603196 aMUSA, John D. 0aSoftware Reliability Engineering More Reliable Software, Faster and Cheaper aRep. aN.DelhibTMHc2009 a608 aMCA